Historia política de la España contemporánea
Uloženo v:
| Hlavní autor: | |
|---|---|
| Médium: | Kniha |
| Jazyk: | španělština |
| Vydáno: |
Madrid, España
Alianza
1972
|
| Vydání: | Tercera edición |
| Edice: | El Libro de Bolsillo
|
| Témata: | |
| Tagy: |
Přidat tag
Žádné tagy, Buďte první, kdo vytvoří štítek k tomuto záznamu!
|
MARC
| LEADER | 00000nam a2200000 a 4500 | ||
|---|---|---|---|
| 001 | UCP6427 | ||
| 003 | CL-VaPUC | ||
| 005 | 20210604001801.0 | ||
| 008 | 991022e19720000SP |||||||||||||||||spa|d | ||
| 999 | |c 284014 |d 284012 | ||
| 040 | |c Pontificia Universidad Católica de Valparaíso | ||
| 082 | 0 | 4 | |a 320.0946 FER 1972 |2 21 |
| 100 | |a Fernández Almagro, Melchor |e author |9 446424 | ||
| 245 | 1 | 0 | |a Historia política de la España contemporánea |
| 250 | |a Tercera edición | ||
| 260 | |a Madrid, España |b Alianza |c 1972 | ||
| 300 | |a volúmenes | ||
| 490 | 0 | |a El Libro de Bolsillo | |
| 500 | |a v.1: 1868-1885 | ||
| 500 | |a v.2: 1885-1879 | ||
| 583 | |a last modification |c 19991022 00:00:00 |k Rodrigo Vera | ||
| 650 | 0 | |a Historia política |z ESPAÑA |9 256974 | |
| 650 | 7 | |a POLITICA Y GOBIERNO 1868-1897 |2 CL-VaPUC |9 435579 |z ESPAÑA | |
| 650 | 7 | |a HISTORIA DE ESPAÑA |2 CL-VaPUC |9 321819 | |
| 650 | 0 | |a Política exterior |z ESPAÑA |9 316628 | |
| 942 | |c BK |2 ddc | ||
| 945 | |d 19991022 00:00:00 |a crobeson | ||
| 952 | |0 0 |1 0 |2 ddc |4 0 |6 320_094600000000000_FER_1972 |7 0 |8 A |9 327609 |a BIBHIS |b BIBHIS |d 2019-11-20 |h v.2 |i 137026K |o 320.0946 FER 1972 |p 137026K |r 2025-01-20 |t 1 |w 2019-11-20 |y BK |k HIS | ||
| 952 | |0 0 |1 0 |2 ddc |4 0 |6 320_094600000000000_FER_1972 |7 0 |8 A |9 327610 |a BIBHIS |b BIBHIS |d 2019-11-20 |h v.2 |i 1370278 |o 320.0946 FER 1972 |p 1370278 |r 2025-01-20 |t 2 |w 2019-11-20 |y BK |k HIS | ||
| 952 | |0 0 |1 0 |2 ddc |4 0 |6 320_094600000000000_FER_1972 |7 0 |8 A |9 327611 |a BIBHIS |b BIBHIS |d 2019-11-20 |h v.2 |i 3889823 |o 320.0946 FER 1972 |p 3889823 |r 2025-01-20 |t 3 |w 2019-11-20 |y BK |k HIS | ||
| 952 | |0 0 |1 0 |2 ddc |4 0 |6 320_094600000000000_FER_1972 |7 0 |8 A |9 327612 |a BIBHIS |b BIBHIS |d 2019-11-20 |h v.1 |i 3896110 |o 320.0946 FER 1972 |p 3896110 |r 2025-01-20 |t 1 |w 2019-11-20 |y BK |k HIS | ||